|
|
|
|
| LEADER |
00000nam0a2200000 4500 |
| 001 |
278535 |
| 005 |
20231101235125.0 |
| 035 |
|
|
|a (RuTPU)RU\TPU\book\301812
|
| 090 |
|
|
|a 278535
|
| 100 |
|
|
|a 20141212d1986 k y0rusy50 ca
|
| 101 |
0 |
|
|a rus
|
| 102 |
|
|
|a RU
|
| 105 |
|
|
|a y z 001zy
|
| 200 |
1 |
|
|a Дифференциальные уравнения и численные методы
|f Академия наук СССР (АН СССР), Сибирское отделение (СО), Иркутский вычислительный центр (ИВЦ) ; под ред. В. М. Матросова
|
| 210 |
|
|
|a Новосибирск
|c Наука
|d 1986
|
| 215 |
|
|
|a 279 с.
|
| 320 |
|
|
|a Библиогр. в конце ст.
|
| 606 |
1 |
|
|a Дифференциальные уравнения
|2 stltpush
|3 (RuTPU)RU\TPU\subj\9697
|9 36875
|
| 610 |
1 |
|
|a численные методы
|
| 610 |
1 |
|
|a функции Ляпунова
|
| 610 |
1 |
|
|a приложения
|
| 610 |
1 |
|
|a оптимальное управление
|
| 610 |
1 |
|
|a оптимизация
|
| 610 |
1 |
|
|a векторные функции
|
| 675 |
|
|
|a 519.62
|v 4
|
| 702 |
|
1 |
|a Матросов
|b В. М.
|4 340
|
| 712 |
0 |
2 |
|a Академия наук СССР (АН СССР)
|b Сибирское отделение (СО)
|b Иркутский вычислительный центр (ИВЦ)
|2 stltpush
|3 (RuTPU)RU\TPU\col\10610
|
| 801 |
|
1 |
|a RU
|b 63413507
|c 20141212
|
| 801 |
|
2 |
|a RU
|b 63413507
|c 20170412
|g RCR
|
| 942 |
|
|
|c BK
|